000 01147nam a22003137a 4500
001 BR7200345
003 BR-BrBNA
005 20230928083753.0
007 ta
008 230509b bl.||||| |||| 00| 0 por d
040 _aBR-BrBNA
_bpor
_cBiblioteca Nacional de Agricultura
041 _a(Por)
072 _aF00; L00; A50
_b/G514
090 _ F00 BR7200345
110 1 _aInstituto de Pesquisa Agropecuaria Meridional, Curitiba, PR (Brasil);
_96100
110 1 _aAssociacao de Credito e Assistencia Rural do Parana, Curitiba (Brasil);
110 1 _aAssociacao Brasileira de Credito e Assistencia Rural, Rio de Janeiro, RJ
_9229
111 1 _a2. Reuniao Conjunta Pesquisa - Extensao; 10. Reuniao de Diretores de Pesquisa Agropecuaria Federal
_cRio de Janeiro, RJ (Brazil)
_d3 Aug 1971
245 1 _a2. Reuniao Conjunta Pesquisa - Extensao [Pesquisa agricola; Brasil]
260 3 _a[np](Brasil):
_c[nd].
300 _a14 p.
500 _aPublished 1972?
650 _aProducao vegetal
650 _aProducao animal
650 _aPesquisa agricola
650 _aExtensao rural
909 _a202309
_bLucia
_c55
_dLucia Elande
942 _cBK
999 _c15153
_d15153